000 00352nam a22001457a 4500
008 230907b ||||| |||| 00| 0 eng d
020 _a978085274563
041 _aeng
080 _a53
082 _a53HEN
100 _a20
101 _aFIZIK
245 _aJAMES CLERK MAXWELL AND THE THEORY OF THE ELECTOMAGNETIC FIELD
_cHENDRY.J
942 _2udc
_cBK
999 _c60279
_d60279